000 01267nam a22002537a 4500
005 20260424095043.0
008 260423t2024 |||||||| |||| 00| 0 eng d
020 _a9781049404189
040 _aCO-BoUCM
_bspa
_cStefania Borbon
_dStefania Borbon
041 _aeng
100 1 _aBelk, Russell W
_9188825
245 1 0 _aHandbook of Qualitative Research Methods in Marketing /
_beditado por Russell W. Belk, Cele Otnes
250 _a2a.Ed.
260 _aCheltenham, UK :
_bEdward Elgar Publishing,
_c2024
504 _aIncluye referencias bibliográficas e índices
520 _aManual que integra el pensamiento y las prácticas actuales en la investigación cualitativa de mercados. Incluye temas sobre inteligencia artificial, análisis de texto automatizado, netnografía y métodos visuales, proporcionando una guía desde la conceptualización hasta la redacción de resultados.
650 4 _aInvestigación de mercados
_xMetodología
_9188826
650 4 _aMercadeo
_xInvestigación cualitativa
_9188827
650 4 _aComportamiento del consumidor
_xInvestigación
_9188828
700 _aOtnes, Cele
_eeditor
_9188829
710 _aEdward Elgar Publishing
_9184680
942 _2DEWEY
_a16
_cLIBRO
_e2
_h658.834
_mB432
999 _c326302
_d326302